Phallism in ancient worships

Đã lưu trong:
Chi tiết về thư mục
Tác giả chính: Autori vari
Định dạng: Sách
Ngôn ngữ:Tiếng Anh
Được phát hành: Fredonia Books 2002
Các nhãn: Thêm thẻ
Không có thẻ, Là người đầu tiên thẻ bản ghi này!

MARC

LEADER 00000nam a2200000 4500
005 20240918185000.0
008 240731b |||||||| |||| 00| 0 eng d
020 |a 978-1589637184 
040 |c GP 
100 |a Autori vari 
245 |a Phallism in ancient worships 
260 |b Fredonia Books  |c 2002 
942 |2 ddc  |n 0  |c BK 
952 |0 0  |1 0  |2 ddc  |4 0  |6 810_000000000000000_VAR  |7 1  |9 1741  |a RM  |b RM  |d 2024-07-31  |l 0  |o 810 VAR  |p 529  |r 2024-07-31 18:40:54  |w 2024-07-31  |y BK 
999 |c 1557  |d 1557